=LDR 00000nam 2200000 4500 =001 INLIS000000000030261 =005 20141023111548.0 =006 =007 =008 ind =035 ##$$0010-061300000030261 =041 ##$$a ind =082 ##$$a 618.929 21 =090 ##$$a 618.929 21, SUD d =100 ##$$a Sudarmo, Sumarmo Sunaryo Poorwo =245 ##$$a Demam berdarah (dengue) pada anak, Sumarmo Sunaryo Poorwo Soedarmo =260 ##$$a 1998 $b Jakarta =300 ##$$a xv, 236 hlm., ilus., 23 cm =650 ##$$a Deman berdarah pada anak =850 ##$$a NBPNMAT =990 ##$$a 0001/BPAP-NTB/20142015